Object-oriented programming in C++ / (Record no. 526938)

000 -LEADER
fixed length control field 01209cam a22003374a 4500
001 - CONTROL NUMBER
control field 12502388
003 - CONTROL NUMBER IDENTIFIER
control field NUST
005 - DATE AND TIME OF LATEST TRANSACTION
control field 20190720082054.0
008 - FIXED-LENGTH DATA ELEMENTS--GENERAL INFORMATION
fixed length control field 010814s2002 inua 001 0 eng
010 ## - LIBRARY OF CONGRESS CONTROL NUMBER
LC control number 2001094813
020 ## - INTERNATIONAL STANDARD BOOK NUMBER
International Standard Book Number 0672323087
038 ## - RECORD CONTENT LICENSOR
Staff Name Arshad
040 ## - CATALOGING SOURCE
Original cataloging agency DLC
Transcribing agency DLC
Modifying agency DLC
042 ## - AUTHENTICATION CODE
Authentication code pcc
050 00 - LIBRARY OF CONGRESS CALL NUMBER
Classification number QA76.64
Item number .L32 2002
082 00 - DEWEY DECIMAL CLASSIFICATION NUMBER
Classification number 005.133
Author Mark LAF
100 1# - MAIN ENTRY--PERSONAL NAME
Personal name Lafore, Robert
Fuller form of name (Robert W.)
9 (RLIN) 17944
245 10 - TITLE STATEMENT
Title Object-oriented programming in C++ /
Statement of responsibility, etc. Robert Lafore.
250 ## - EDITION STATEMENT
Edition statement 4th ed.
260 ## - PUBLICATION, DISTRIBUTION, ETC.
Place of publication, distribution, etc. New Delhi:
Name of publisher, distributor, etc. Sams Publishing,
Date of publication, distribution, etc. 2002.
300 ## - PHYSICAL DESCRIPTION
Extent xix, 1012 p. :
Other physical details ill. ;
Dimensions 24 cm.
500 ## - GENERAL NOTE
General note Rev. ed. of: Waite Group's object-oriented programming in C++, c1999.
500 ## - GENERAL NOTE
General note Includes index.
650 #0 - SUBJECT ADDED ENTRY--TOPICAL TERM
Topical term or geographic name entry element Object-oriented programming (Computer science)
9 (RLIN) 3212
650 #0 - SUBJECT ADDED ENTRY--TOPICAL TERM
Topical term or geographic name entry element C++ (Computer program language)
9 (RLIN) 1810
700 1# - ADDED ENTRY--PERSONAL NAME
Personal name Lafore, Robert
Fuller form of name (Robert W.).
Title of a work Waite Group's object-oriented programming in C++.
9 (RLIN) 17945
710 2# - ADDED ENTRY--CORPORATE NAME
Corporate name or jurisdiction name as entry element Waite Group.
9 (RLIN) 14012
906 ## - LOCAL DATA ELEMENT F, LDF (RLIN)
a 7
b cbc
c orignew
d 2
e epcn
f 20
g y-gencatlg
942 ## - ADDED ENTRY ELEMENTS (KOHA)
Source of classification or shelving scheme
Koha item type Book
Holdings
Withdrawn status Lost status Source of classification or shelving scheme Damaged status Not for loan Permanent Location Current Location Shelving location Date acquired Source of acquisition Cost, normal purchase price Total Checkouts Full call number Barcode Checked out Date last seen Date last checked out Copy number Price effective from Koha item type
          NUST Baluchistan Campus (NBC) NUST Baluchistan Campus (NBC) Book Cart 07/18/2019 Purchased 0.00 1 005.133 LAF Q-73 03/12/2026 02/10/2026 02/10/2026 1 07/18/2019 Book
© 2023 Central Library, National University of Sciences and Technology. All Rights Reserved.